Women, society, the state, and abortion : a structuralist analysis /

Bibliographic Details
Main Author: Sheeran, Patrick J.
Format: Book
Language:English
Published: New York : Praeger, 1987.
Subjects:

MARC

Tag First Indicator Second Indicator Subfields
LEADER 00000cam a2200000 a 4500
001 in00000028255
005 20151007060037.0
008 870512s1987 nyua b 00110 eng
010 |a  87014615  
020 |a 027592744X (alk. paper) :  |c $32.85 (est.) 
035 |a (OCoLC)15793282 
035 |9 AAB9952AM 
040 |a DLC  |c DLC  |d TXA  |d UtOrBLW 
043 |a n-us--- 
049 |a TXAM  |c [A11535463] 
050 0 0 |a HQ767.5.U5  |b S46 1987 
082 0 |a 363.4/6/0973  |2 19 
100 1 |a Sheeran, Patrick J. 
245 1 0 |a Women, society, the state, and abortion :  |b a structuralist analysis /  |c Patrick J. Sheeran. 
264 1 |a New York :  |b Praeger,  |c 1987. 
300 |a xiv, 147 pages :  |b illustrations ;  |c 25 cm. 
336 |a text  |b txt  |2 rdacontent 
337 |a unmediated  |b n  |2 rdamedia 
338 |a volume  |b nc  |2 rdacarrier 
504 |a Bibliography: pages [139]-144. 
500 |a Includes index. 
650 0 |a Abortion  |z United States. 
650 0 |a Abortion  |x Government policy  |z United States. 
999 |a MARS 
999 f f |s 29d06f40-2837-3ae0-b63d-c29597902e82  |i dc9e80aa-bd5b-3a00-b4e6-9b1eec1dc5a9  |t 0 
952 f f |p ric  |a Texas A&M University  |b Rellis Campus  |c Joint Library Facility  |s JLF  |d Remote Storage  |t 0  |e HQ767.5.U5 S46 1987  |h Library of Congress classification  |i unmediated -- volume  |m A14811535463 
998 f f |a HQ767.5.U5 S46 1987  |t 0  |l Remote Storage